000 00777nam a2200277Ia 4500
001 Para_7420
003 CHAP
008 220125s1999 xx 000 0 und d
010 _a206287
040 _cCHAP
082 _aPA-C 632.3 B85
100 _aShapovalov, Michael
_9172556
245 _aMorphogenetic aspects of virus diseases /
_c by Michael Shapovalov
260 _as.l. :
_b s.n.
300 _a55-58 p.
500 _aEncuadernado con otros impresos similares
650 _aCultivos
_x enfermedades
_930262
650 _aPlantas
_x enfermedades por virus
_988834
901 _aPA-C 632.3 B85
902 _aA
905 _a00000019-- a 0000000000 00
910 _a19--
942 _cPARA
942 _cPARA
_d1
999 _c206287
_d206287